| 000 | 01076 a2200193 4500 | ||
|---|---|---|---|
| 020 | _a1852510331 (hardcover) | ||
| 020 | _a9781852510336 (hardcover) | ||
| 090 |
_c5174 _d5174 |
||
| 100 | 1 | _aMargerison, Charles. | |
| 245 | 1 | 0 |
_aTeam management : _bpractical new approaches / _cCharles Margerison, Dick McCann. |
| 260 |
_a[S.l.] : _bMercury Business Books, _c1991. |
||
| 300 | _a190 p. | ||
| 490 | 1 | _aMercury business guides. | |
| 520 | _aThis book offers advice on how to improve the management of teams. It explores ways in which individuals can assess their own talents and employ them fruitfully in teams. It also gives guidance on how teams can combine effectively, and suggests appropriate roles for managers in team building and team wielding. The book ends with a section devoted to the question of creating an infrastructure conducive to the successful operation of teams. | ||
| 700 | 1 | _aMcCann, Dick. | |
| 830 | 0 | _aMercury business guides. | |
| 856 | 4 | 0 |
_3Amazon.com _uhttp://www.amazon.com/exec/obidos/ASIN/1852510331/chopaconline-20 |
| 942 |
_aNBS _cBK _k658 MAR |
||
| 999 |
_c347594 _d347594 |
||